By my spirit / (Record no. 7545)
[ view plain ]
| 000 -LEADER | |
|---|---|
| fixed length control field | 00625cam a2200229Ia 4500 |
| 001 - CONTROL NUMBER | |
| control field | 31553 |
| 003 - CONTROL NUMBER IDENTIFIER | |
| control field | GBCCL |
| 005 - DATE AND TIME OF LATEST TRANSACTION | |
| control field | 20241126110631.0 |
| 008 - FIXED-LENGTH DATA ELEMENTS--GENERAL INFORMATION | |
| fixed length control field | 850814s1942 ilu 000 0 eng d |
| 035 ## - SYSTEM CONTROL NUMBER | |
| System control number | (OCoLC)12386428 |
| 040 ## - CATALOGING SOURCE | |
| Original cataloging agency | TWH |
| Transcribing agency | TWH |
| 049 ## - | |
| -- | LBBK |
| 082 ## - DEWEY DECIMAL CLASSIFICATION NUMBER | |
| Classification number | 266 |
| Item number | GOF |
| 092 ## - LOCALLY ASSIGNED DEWEY CALL NUMBER (OCLC) | |
| Classification number | 266.351 |
| Item number | G612b |
| 100 1# - MAIN ENTRY--PERSONAL NAME | |
| Personal name | Goforth, Jonathan, |
| Dates associated with a name | 1859-1936. |
| 9 (RLIN) | 10580 |
| 245 10 - TITLE STATEMENT | |
| Title | By my spirit / |
| Statement of responsibility, etc. | by Jonathan Goforth ; foreword by Rosalind Goforth. |
| 250 ## - EDITION STATEMENT | |
| Edition statement | New American ed. |
| 260 ## - PUBLICATION, DISTRIBUTION, ETC. | |
| Place of publication, distribution, etc. | Minneapolis : |
| Name of publisher, distributor, etc. | Bethany, |
| Date of publication, distribution, etc. | 1964, 1942. |
| 300 ## - PHYSICAL DESCRIPTION | |
| Extent | 138 p. ; |
| Dimensions | 20 cm. |
| 650 #0 - SUBJECT ADDED ENTRY--TOPICAL TERM | |
| Topical term or geographic name entry element | Missions |
| Geographic subdivision | China. |
| 9 (RLIN) | 1203 |
| 942 ## - ADDED ENTRY ELEMENTS (KOHA) | |
| Source of classification or shelving scheme | Dewey Decimal Classification |
| Koha item type | Books |
| Withdrawn status | Lost status | Source of classification or shelving scheme | Damaged status | Not for loan | Home library | Current Library | Shelving location | Date acquired | Total checkouts | Full call number | Barcode | Date last seen | Copy number | Price effective from | Koha item type |
|---|---|---|---|---|---|---|---|---|---|---|---|---|---|---|---|
| Dewey Decimal Classification | GRACE BIBLE COLLEGE | GRACE BIBLE COLLEGE | Ministry & Mission | 2018-08-22 | 266 GOF | 002823 | 2025-05-01 | c.1 | 2018-08-22 | Books |